000 00449nam a22001817a 4500
003 MPLRDC
005 20220104164759.0
008 210129b ||||| |||| 00| 0 eng d
020 _a0-307-12904-7
082 _a859.6 TEI
100 _aMICHAEL TEITELBAUM
245 _aTHE HUNCHBACK OF NOTRE DAME
_c
260 _a
_bWESTERN PUBLISHING CO.
_c
300 _b
490 _aDISNEY'S
650 _aCHILDREN LITERATURE
942 _cBK
_o859.6 TEI
999 _c57142
_d57132